[Event "Belgrade Serbia op"]
[Site "Belgrade"]
[Date "2023.07.18"]
[Round "3"]
[White "Shoshin, Kirill"]
[Black "Ravic, Nenad"]
[Result "1/2-1/2"]
[WhiteElo "2314"]
[BlackElo "2210"]
[PlyCount "52"]
[EventDate "2023.07.16"]
[EventType "swiss"]
[EventRounds "9"]
[EventCountry "SRB"]
[SourceTitle "CBM 215 Extra"]
[Source "ChessBase"]
[SourceDate "2023.09.30"]
[SourceVersion "1"]
[SourceVersionDate "2023.09.30"]
[SourceQuality "1"]

1. e4 c5 2. Nf3 d6 3. d4 cxd4 4. Nxd4 Nf6 5. Nc3 a6 6. Be3 e6 7. g4 h6 8. h4 d5 9. e5 Nfd7 10. f4 Be7 11. Nf3 Nc6 12. Qd2 b5 13. 0-0-0 Bb7 14. Bg2 Qa5 15. Kb1 Nb6 16. Bxb6 Qxb6 17. f5 0-0-0 18. fxe6 fxe6 19. Qd3 Rhe8 20. Qg6 Bf8 21. Rhf1 Qc7 22. g5 d4 23. Nxd4 Nxe5 24. Bxb7+ Qxb7 25. Qh5 b4 26. Na4 Qe4 1/2-1/2

[Event "Belgrade Serbia op"]
[Site "Belgrade"]
[Date "2023.07.16"]
[Round "1"]
[White "Shahil, Dey"]
[Black "Ravic, Nenad"]
[Result "1-0"]
[WhiteElo "2333"]
[BlackElo "2210"]
[PlyCount "113"]
[EventDate "2023.07.16"]
[EventType "swiss"]
[EventRounds "9"]
[EventCountry "SRB"]
[SourceTitle "CBM 215 Extra"]
[Source "ChessBase"]
[SourceDate "2023.09.30"]
[SourceVersion "1"]
[SourceVersionDate "2023.09.30"]
[SourceQuality "1"]

1. e4 c5 2. Nc3 d6 3. Nge2 Nf6 4. g3 e5 5. Bg2 g6 6. d3 Bg7 7. h3 h6 8. Be3 0-0 9. Qd2 Kh7 10. g4 Ng8 11. f4 exf4 12. Nxf4 Nc6 13. 0-0 Bd4 14. Ncd5 Bxe3+ 15. Qxe3 Qg5 16. Rf2 Nge7 17. Nc7 Rb8 18. Raf1 Kg8 19. c3 b5 20. Qf3 Ne5 21. Qe2 Bd7 22. d4 cxd4 23. cxd4 N5c6 24. Qd1 Kg7 25. d5 Ne5 26. Qd4 a5 27. Qa7 a4 28. b3 axb3 29. axb3 Kg8 30. Qa6 Rfd8 31. Qxd6 Bxg4 32. Qb4 Bd7 33. Na6 Rb6 34. Nc5 Rf6 35. Nxd7 Rxd7 36. Qxb5 Rfd6 37. Qc5 Rd8 38. Qc3 Nd7 39. Nd3 Qe3 40. Qc7 Qb6 41. Qxb6 Rxb6 42. Rxf7 Nf5 43. Rxd7 Rxd7 44. exf5 gxf5 45. b4 Rg7 46. Kf2 Ra6 47. Rb1 Ra3 48. Nf4 Rc7 49. b5 Rc4 50. Ne2 Rc2 51. d6 Kf8 52. b6 Raa2 53. Bf3 Rab2 54. Rxb2 Rxb2 55. b7 Kf7 56. Bd5+ Ke8 57. Bc6+ 1-0

[Event "EU-ch 23rd"]
[Site "Vrnjacka Banja"]
[Date "2023.03.09"]
[Round "7"]
[White "Ravic, Nenad"]
[Black "Senel, Hayri Beyhun"]
[Result "1/2-1/2"]
[WhiteElo "2238"]
[BlackElo "1904"]
[PlyCount "52"]
[EventDate "2023.03.03"]
[EventType "swiss"]
[EventRounds "11"]
[EventCountry "SRB"]
[SourceTitle "CBM 213"]
[Source "ChessBase"]
[SourceDate "2023.04.30"]
[SourceVersion "1"]
[SourceVersionDate "2023.04.30"]
[SourceQuality "1"]

1. e4 c5 2. Nf3 a6 3. c4 Nc6 4. d4 cxd4 5. Nxd4 e5 6. Nf5 d6 7. Ne3 g6 8. Nd5 Be6 9. Nbc3 Bg7 10. Bd3 Nge7 11. Bg5 Bxd5 12. Nxd5 Qa5+ 13. Bd2 Qd8 14. 0-0 Nxd5 15. cxd5 Nd4 16. Qa4+ b5 17. Qa3 0-0 18. Ba5 Qd7 19. Bb4 Rfd8 20. Qa5 f5 21. Kh1 Bh6 22. Rae1 fxe4 23. Bxe4 Rac8 24. Bc3 Qa7 25. b3 Rf8 26. Bb2 Rc7 1/2-1/2

[Event "Belgrade Gligoric 100 Ann op"]
[Site "Belgrade"]
[Date "2023.02.05"]
[Round "3"]
[White "Ravic, Nenad"]
[Black "Djukic, Nikola"]
[Result "0-1"]
[WhiteElo "2238"]
[BlackElo "2514"]
[PlyCount "98"]
[EventDate "2023.02.05"]
[EventType "swiss (blitz)"]
[EventRounds "11"]
[EventCountry "SRB"]
[SourceTitle "EXT 2024"]
[Source "ChessBase"]
[SourceDate "2023.10.10"]
[SourceVersion "1"]
[SourceVersionDate "2023.10.10"]
[SourceQuality "1"]

1. e4 c5 2. Nf3 Nc6 3. d4 cxd4 4. Nxd4 Qc7 5. Nc3 e6 6. Be2 a6 7. 0-0 Nf6 8. Kh1 Be7 9. Be3 0-0 10. f4 d6 11. Qe1 Na5 12. Rd1 Nc4 13. Bc1 b5 14. a3 Bb7 15. Bd3 Rac8 16. Qg3 Rfe8 17. Rde1 Bf8 18. e5 Nh5 19. Qh3 g6 20. f5 dxe5 21. fxe6 f6 22. Nf3 Qe7 23. Be4 Bxe4 24. Nxe4 Qxe6 25. Qxe6+ Rxe6 26. Nc3 Nxa3 27. Nd4 Ree8 28. bxa3 Rxc3 29. Nb3 Rxc2 30. g4 Ng7 31. Rxf6 Rc3 32. Nd2 Bxa3 33. Bxa3 Rxa3 34. Ne4 Rf8 35. Ref1 Rxf6 36. Nxf6+ Kh8 37. Rc1 Ne6 38. Rc6 Nf4 39. Kg1 Kg7 40. g5 Kf7 41. Rc7+ Ke6 42. Rxh7 Kf5 43. h4 e4 44. Re7 e3 45. Rf7 Ra1+ 46. Kh2 e2 47. Nd5+ Ke6 48. Nxf4+ Kxf7 49. Nxe2 Ra2 0-1

[Event "Belgrade Gligoric 100 Ann op"]
[Site "Belgrade"]
[Date "2023.02.05"]
[Round "11"]
[White "Ravic, Nenad"]
[Black "Markovic, Jevrem"]
[Result "0-1"]
[WhiteElo "2238"]
[BlackElo "2069"]
[PlyCount "80"]
[EventDate "2023.02.05"]
[EventType "swiss (blitz)"]
[EventRounds "11"]
[EventCountry "SRB"]
[SourceTitle "EXT 2024"]
[Source "ChessBase"]
[SourceDate "2023.10.10"]
[SourceVersion "1"]
[SourceVersionDate "2023.10.10"]
[SourceQuality "1"]

1. e4 e6 2. d4 d5 3. Nc3 Nf6 4. Bg5 Be7 5. e5 Nfd7 6. Bxe7 Qxe7 7. f4 a6 8. Nf3 c5 9. dxc5 Nxc5 10. Qd2 Nc6 11. 0-0-0 Bd7 12. Kb1 0-0-0 13. Bd3 Kb8 14. g4 h5 15. h3 g6 16. f5 gxf5 17. gxf5 Nxd3 18. Qxd3 Rhg8 19. f6 Qc5 20. Qh7 Rg3 21. Qxh5 Qe3 22. Rd3 Qf2 23. a3 Rg2 24. Rd2 Qg3 25. Rxg2 Qxg2 26. Rg1 Qf2 27. Rg7 Be8 28. Rg8 d4 29. Nd1 Qe2 30. Kc1 d3 31. cxd3 Qxd3 32. Rg1 Qc4+ 33. Kb1 Qe4+ 34. Ka1 Qc2 35. Qg4 Rxd1+ 36. Rxd1 Qxd1+ 37. Ka2 Nd8 38. h4 Bc6 39. Nd4 Bd5+ 40. b3 Qxg4 0-1

[Event "Belgrade Gligoric 100 Ann op"]
[Site "Belgrade"]
[Date "2023.02.05"]
[Round "6"]
[White "Varin, Ilja"]
[Black "Ravic, Nenad"]
[Result "1/2-1/2"]
[WhiteElo "2000"]
[BlackElo "2238"]
[PlyCount "80"]
[EventDate "2023.02.05"]
[EventType "swiss (blitz)"]
[EventRounds "11"]
[EventCountry "SRB"]
[SourceTitle "EXT 2024"]
[Source "ChessBase"]
[SourceDate "2023.10.10"]
[SourceVersion "1"]
[SourceVersionDate "2023.10.10"]
[SourceQuality "1"]

1. c4 Nf6 2. Nc3 g6 3. g3 Bg7 4. Bg2 0-0 5. Nf3 d6 6. 0-0 e5 7. d3 Nc6 8. Rb1 a5 9. a3 h6 10. b4 axb4 11. axb4 Be6 12. b5 Ne7 13. Nd2 c6 14. Nb3 Qd7 15. Bd2 Bh3 16. bxc6 bxc6 17. Ra1 Bxg2 18. Kxg2 Rfb8 19. Qc2 Qc7 20. Rxa8 Rxa8 21. Ra1 Rxa1 22. Nxa1 d5 23. Qa4 Kh7 24. Nb3 e4 25. Bf4 Qc8 26. Nc5 Nh5 27. Bd2 exd3 28. exd3 Qg4 29. cxd5 Qxa4 30. N5xa4 Nxd5 31. Nxd5 cxd5 32. Nb6 d4 33. Nc4 g5 34. h3 Kg6 35. g4 Nf6 36. Ne5+ Kh7 37. Nxf7 Nd5 38. Nd6 Nc3 39. Nf5 Be5 40. Kf3 Kg6 1/2-1/2

[Event "SRB-chT 1st League CS"]
[Site "Bajina Basta"]
[Date "2021.09.27"]
[Round "2.5"]
[White "Kojovic, Dragan"]
[Black "Ravic, Nenad"]
[Result "1-0"]
[WhiteElo "2297"]
[BlackElo "2227"]
[PlyCount "67"]
[EventDate "2021.09.26"]
[EventType "team-tourn"]
[EventRounds "11"]
[EventCountry "SRB"]
[SourceTitle "EXT 2023"]
[Source "ChessBase"]
[SourceDate "2022.10.05"]
[SourceVersion "1"]
[SourceVersionDate "2022.10.05"]
[SourceQuality "1"]
[WhiteTeam "Gornji Milanovac Metalac"]
[BlackTeam "Kraljevo Sloga"]
[WhiteTeamCountry "SRB"]
[BlackTeamCountry "SRB"]

1. e4 c5 2. Nf3 d6 3. d4 cxd4 4. Nxd4 Nf6 5. Nc3 a6 6. Bc4 e6 7. Bb3 Nbd7 8. Be3 Nc5 9. f3 Be7 10. Qd2 Qc7 11. g4 b5 12. g5 Nh5 13. 0-0-0 Bd7 14. a3 a5 15. Kb1 Rb8 16. Qe2 Nxb3 17. cxb3 Qb7 18. b4 axb4 19. axb4 0-0 20. Nb3 Rfc8 21. Rc1 Bd8 22. Rhd1 Rc6 23. e5 Rc4 24. Rxd6 Bc6 25. Rcd1 Bc7 26. Na5 Bxa5 27. bxa5 Rf8 28. Rd8 Bxf3 29. Rxf8+ Kxf8 30. Rd8+ Ke7 31. Qd2 Be4+ 32. Ka2 Qc7 33. Bb6 Qc6 34. Qd6+ 1-0

[Event "Belgrade Serbia op"]
[Site "Belgrade"]
[Date "2021.07.06"]
[Round "7"]
[White "Ravic, Nenad"]
[Black "Radojicic, Aleksandar M"]
[Result "1/2-1/2"]
[WhiteElo "2235"]
[BlackElo "2112"]
[PlyCount "56"]
[EventDate "2021.07.02"]
[EventType "swiss"]
[EventRounds "9"]
[EventCountry "SRB"]
[SourceTitle "EXT 2022"]
[Source "ChessBase"]
[SourceDate "2021.10.06"]
[SourceVersion "1"]
[SourceVersionDate "2021.10.06"]
[SourceQuality "1"]

1. e4 c5 2. Nf3 e6 3. d4 cxd4 4. Nxd4 a6 5. c4 Nf6 6. Nc3 Qc7 7. Be2 b6 8. 0-0 Bb7 9. f3 Bd6 10. Kh1 Be7 11. Be3 0-0 12. Qd2 d6 13. Rfc1 Rc8 14. a4 Nbd7 15. a5 Qd8 16. Na4 d5 17. exd5 exd5 18. axb6 Nxb6 19. Nxb6 Qxb6 20. Nf5 Qe6 21. Nxe7+ Qxe7 22. c5 Re8 23. Ra3 d4 24. Qxd4 Rad8 25. Qh4 Nd5 26. Qxe7 Rxe7 27. c6 Bxc6 28. Rxc6 Nxe3 1/2-1/2

[Event "Belgrade Serbia op"]
[Site "Belgrade"]
[Date "2021.07.06"]
[Round "6"]
[White "Stankovic, Milos"]
[Black "Ravic, Nenad"]
[Result "1-0"]
[WhiteElo "2421"]
[BlackElo "2235"]
[PlyCount "115"]
[EventDate "2021.07.02"]
[EventType "swiss"]
[EventRounds "9"]
[EventCountry "SRB"]
[SourceTitle "CBM 203 Extra"]
[Source "ChessBase"]
[SourceDate "2021.09.30"]
[SourceVersion "1"]
[SourceVersionDate "2021.09.30"]
[SourceQuality "1"]

1. d4 Nf6 2. Nc3 d5 3. Bf4 g6 4. e3 Bg7 5. h4 Bf5 6. Nf3 c6 7. Ne5 h5 8. f3 Nfd7 9. e4 Be6 10. Qd2 Nxe5 11. Bxe5 Bxe5 12. dxe5 dxe4 13. Qxd8+ Kxd8 14. Nxe4 Nd7 15. 0-0-0 Kc7 16. f4 f6 17. exf6 exf6 18. Be2 Rhe8 19. Bf3 Bd5 20. Rhe1 Bxe4 21. Bxe4 f5 22. Bd3 b5 23. c3 Nf6 24. g3 Rxe1 25. Rxe1 Re8 26. Rxe8 Nxe8 27. c4 a6 28. Kd2 Kd6 29. Kc3 Kc5 30. b4+ Kd6 31. Kd4 Nc7 32. Be2 Ne6+ 33. Kc3 Kd7 34. Bd1 Kd6 35. a4 Nc7 36. a5 Ne6 37. Bb3 Nd8 38. cxb5 cxb5 39. Bg8 Nc6 40. Bf7 Ne7 41. Kd2 Kd7 42. Kd3 Kd6 43. Kd4 Nc6+ 44. Kc3 Ne7 45. Kd3 Nd5 46. Bxg6 Nxb4+ 47. Kc3 Nc6 48. Bxf5 Nxa5 49. Bg6 Nc4 50. Kd4 a5 51. Bd3 Na3 52. f5 b4 53. g4 hxg4 54. h5 g3 55. Ke3 Ke5 56. h6 Kf6 57. h7 Kg7 58. f6+ 1-0

[Event "Belgrade Serbia op"]
[Site "Belgrade"]
[Date "2021.07.04"]
[Round "4"]
[White "Pap, Misa"]
[Black "Ravic, Nenad"]
[Result "1-0"]
[WhiteElo "2431"]
[BlackElo "2235"]
[PlyCount "119"]
[EventDate "2021.07.02"]
[EventType "swiss"]
[EventRounds "9"]
[EventCountry "SRB"]
[SourceTitle "CBM 203 Extra"]
[Source "ChessBase"]
[SourceDate "2021.09.30"]
[SourceVersion "1"]
[SourceVersionDate "2021.09.30"]
[SourceQuality "1"]

1. e4 Nc6 2. d4 d5 3. e5 Bf5 4. c3 e6 5. h4 f6 6. f4 Qd7 7. Nd2 Nh6 8. Be2 0-0-0 9. Nh3 Bxh3 10. Rxh3 Be7 11. Nf3 Rdf8 12. Be3 Nf5 13. Bf2 h5 14. Qc2 Kb8 15. 0-0-0 Nd8 16. Kb1 Nf7 17. Bd3 N7h6 18. Qe2 Ng4 19. Bg1 fxe5 20. Nxe5 Nxe5 21. dxe5 Qa4 22. g3 Rd8 23. Bf2 c5 24. Rhh1 c4 25. Bxf5 exf5 26. e6 Bf6 27. Bd4 Rhe8 28. Be5+ Ka8 29. Bxf6 gxf6 30. Rhe1 Rd6 31. e7 Rd7 32. Rd2 Qc6 33. Qxh5 Rdxe7 34. Red1 Re3 35. Rxd5 a6 36. Qxf5 Rxg3 37. Qc2 Qc7 38. Qf2 Rge3 39. Rd7 Qb6 40. R7d6 Qxd6 41. Rxd6 Re1+ 42. Kc2 R8e2+ 43. Qxe2 Rxe2+ 44. Rd2 Re8 45. h5 Rh8 46. Rh2 Rh6 47. Kd2 Kb8 48. Ke3 Kc7 49. Ke4 Kd6 50. Kf5 b5 51. Rd2+ Kc5 52. a3 a5 53. Ke6 Rxh5 54. Kxf6 b4 55. axb4+ axb4 56. cxb4+ Kxb4 57. f5 Kb3 58. Ke5 Rh1 59. Rf2 Rb1 60. Kd5 1-0

[Event "Belgrade Trophy 33rd"]
[Site "Belgrade"]
[Date "2019.12.02"]
[Round "9"]
[White "Ravic, Nenad"]
[Black "Petkovic, Jovan"]
[Result "1/2-1/2"]
[WhiteElo "2304"]
[BlackElo "1807"]
[PlyCount "152"]
[EventDate "2019.11.24"]
[EventType "swiss"]
[EventRounds "9"]
[EventCountry "SRB"]
[SourceTitle "CBM 193 Extra"]
[Source "ChessBase"]
[SourceDate "2020.01.31"]
[SourceVersion "1"]
[SourceVersionDate "2020.01.31"]
[SourceQuality "1"]

1. e4 e5 2. Nf3 Nc6 3. Bb5 a6 4. Ba4 Nf6 5. 0-0 d6 6. Re1 b5 7. Bb3 Na5 8. d3 Nxb3 9. axb3 Be7 10. Nbd2 0-0 11. Nf1 h6 12. Ng3 Nh7 13. d4 Bf6 14. d5 Ng5 15. Nxg5 Bxg5 16. b4 Bf4 17. Ra3 Qg5 18. Be3 Bg4 19. Qd2 f5 20. Nxf5 Bxf5 21. exf5 Qxf5 22. Rc3 Rf7 23. f3 a5 24. bxa5 Rxa5 25. Bxf4 Qxf4 26. Qxf4 exf4 27. Rd1 b4 28. Rc4 Rc5 29. Rxc5 dxc5 30. d6 cxd6 31. Rxd6 Rc7 32. Kf2 c4 33. Rd4 b3 34. c3 Ra7 35. Rxf4 Ra2 36. Rxc4 Rxb2+ 37. Kg3 Rb1 38. Rb4 b2 39. Kg4 Rc1 40. Rxb2 Rxc3 41. h4 Rc5 42. h5 Kf7 43. Rb7+ Kf6 44. Rb6+ Kf7 45. f4 Rc2 46. g3 Rc4 47. Rb5 Kf6 48. Rf5+ Ke6 49. Re5+ Kf6 50. Kf3 Rc3+ 51. Re3 Rc5 52. g4 Ra5 53. Rb3 Rc5 54. Rb6+ Kf7 55. Rb4 Rc3+ 56. Ke4 Rc5 57. Rb7+ Kf6 58. Rd7 Ra5 59. Rd6+ Kf7 60. Rd5 Ra6 61. g5 hxg5 62. fxg5 Ra1 63. Rd7+ Kg8 64. Ke5 Rf1 65. Ke6 Rf8 66. g6 Rf6+ 67. Ke7 Rf8 68. Rd8 Rxd8 69. Kxd8 Kh8 70. Ke7 Kg8 71. Ke6 Kh8 72. Kf5 Kg8 73. Kg5 Kh8 74. h6 Kg8 75. hxg7 Kxg7 76. Kf5 Kg8 1/2-1/2